000 00403nam a2200121Ia 4500
008 220616s9999||||xx |||||||||||||| ||und||
100 _aEngel, David
245 0 _aLaw and Kingship in Thailand During the Reign of King Chulalongkorn
546 _aEnglish[eng]
650 _aSociology and anthropology
856 _uhttps://library.oapen.org/bitstream/20.500.12657/41868/1/9780472901944.pdf
942 _cEB
999 _c21091
_d21091